| 000 | 00960nam a2200265 i 4500 | ||
|---|---|---|---|
| 001 | 8248 | ||
| 003 | KOSZ 005 | ||
| 005 | 20201217125846.0 | ||
| 008 | 080720s1962 pl a f 001 0 pol | ||
| 015 | _aPB 1963/369 | ||
| 040 |
_aWA N _cKOSZ 005/RW _dKOSZ 005/RW |
||
| 080 | _a621.3 | ||
| 100 | 1 |
_aPlamitzer, Antoni M. _d(1916-2001) _eAutor |
|
| 245 | 1 | 0 |
_aMaszyny elektryczne / _cAntoni M. Plamitzer. |
| 260 |
_aWarszawa : _bWydawnictwa Naukowo-Techniczne, _c1962. |
||
| 300 |
_a643, [1] s., [1] k. tabl. : _bil. ; _c25 cm. |
||
| 380 | _aKsiążki. | ||
| 504 | _aBibliogr. s. 631-633. Indeks. | ||
| 521 | 8 | _aDla magistrów, inżynierów i studentów wyższych. szk. techn. | |
| 655 | 4 | _aPodręczniki akademickie | |
| 650 | 4 | _aMaszyny elektryczne | |
| 710 | 2 |
_aWydawnictwa Naukowo-Techniczne _4pbl. |
|
| 856 |
_uhttp://koha.tu.koszalin.pl/cgi-bin/koha/opac-detail.pl?biblionumber=8248 _yKatalog online BPK |
||
| 942 |
_2UKD _cKS |
||
| 999 |
_c8248 _d8248 |
||